Painting, surviving insanity (Record no. 10645)

MARC details
000 - LÍDER
campo de control de longitud fija 01201nam a2200241Ia 4500
008 - ELEMENTOS DE DATOS DE LONGITUD FIJA - INFORMACIÓN GENERAL
campo de control de longitud fija 0000002004 usad 0000000000eng00
090 ## - NÚMERO DE LLAMADA DE TIPO LC LOCALMENTE ASIGNADO (OCLC)
Número de clasificación (OCLC) (R) PPR00 R61p
100 1# - ENTRADA PRINCIPAL - NOMBRE PERSONAL
Nombre de la persona RocheRabell, Arnaldo
Fechas asociadas a un nombre 1955
245 10 - TÍTULO DECLARACIÓN
Título Painting, surviving insanity
Declaración de responsabilidad / Arnaldo Roche
260 ## - PUBLICACIÓN, DISTRIBUCIÓN
Lugar de publicación Beverly Hills : Latin american Masters
Fecha de publicación 2004
300 ## - DESCRIPCIÓN FÍSICA
Alcance 1 plegable [4] p.
Dimensiones / 32 cm.
500 ## - NOTA GENERAL
Nota general Exposición realizada en Latin American Masters, Beverly Hills, febrero 21 a abril 10 de 2004 \ Registro auspiciado por la FGAA. Bogotá
501 ## - Con nota
Con nota The history. In the beginning. The return
505 ## - NOTA DE CONTENIDO FORMATEADA
Nota sobre el contenido formateado OBRAS : Lise and paradise. Unwanted inheritance. The mad man's brother. Detail, Seedles. Who is going to face the suñ Natural witness. I am here for you. Mother nature has to forgive to insame. At the table of the useful lies. Bilieve me, I bet i all on this table.
600 00 - ENTRADA DE SUJETO AÑADIDO - NOMBRE PERSONAL
Nombre de la persona ROCHERABELL, ARNALDO, 1955 /
Subdivisión general TRABAJOS PICTORICOS
650 14 - ENTRADA DE SUJETO AÑADIDO - TÉRMINO TÓPICO
Término tópico o elemento de entrada del nombre geográfico ACUARELA
650 14 - ENTRADA DE SUJETO AÑADIDO - TÉRMINO TÓPICO
Término tópico o elemento de entrada del nombre geográfico ARTE CONTEMPORANEO PUERTORRIQUEÑO
650 14 - ENTRADA DE SUJETO AÑADIDO - TÉRMINO TÓPICO
Término tópico o elemento de entrada del nombre geográfico ARTISTAS PLASTICOS PUERTORRIQUEÑOS
650 14 - ENTRADA DE SUJETO AÑADIDO - TÉRMINO TÓPICO
Subdivisión general CATALOGOS
650 14 - ENTRADA DE SUJETO AÑADIDO - TÉRMINO TÓPICO
Subdivisión general EXPOSICIONES
650 14 - ENTRADA DE SUJETO AÑADIDO - TÉRMINO TÓPICO
Término tópico o elemento de entrada del nombre geográfico PINTORES PUERTORRIQUEÑOS
650 14 - ENTRADA DE SUJETO AÑADIDO - TÉRMINO TÓPICO
Término tópico o elemento de entrada del nombre geográfico PINTURA PUERTORRIQUEÑA
Holdings
Estado de retirada Pérdida de estatus Estado dañado No para préstamo Código de recogida Ubicación permanente Ubicación actual Ubicación de las estanterías Fecha de adquisición Número de llamada completo Código de barras Fecha de la última vez que se vio Número de copia Precio efectivo desde Tipo de artículo Koha
        General ArtNexus ArtNexus General 06/09/2022 P-PR-00 R61P 10743 06/09/2022 Ej.1 06/09/2022 Libro

Powered by Koha